Linear transport theory (Record no. 20900)

000 -LEADER
fixed length control field 00537nam a22002051 4500
001 - CONTROL NUMBER
control field 20900
003 - CONTROL NUMBER IDENTIFIER
control field BD-DhUET
008 - FIXED-LENGTH DATA ELEMENTS--GENERAL INFORMATION
fixed length control field 840113s1967 mau b 000 0 eng
040 ## - CATALOGING SOURCE
Original cataloging agency DLC/ICU
Transcribing agency ICU
Modifying agency BD-DhUET
082 00 - DEWEY DECIMAL CLASSIFICATION NUMBER
Classification number 621.48
Item number CAS/1967
100 1# - MAIN ENTRY--PERSONAL NAME
Personal name Case, Kenneth M.
245 10 - TITLE STATEMENT
Title Linear transport theory
250 ## - EDITION STATEMENT
Edition statement 1st ed.
260 ## - PUBLICATION, DISTRIBUTION, ETC. (IMPRINT)
Place of publication, distribution, etc. Massachusets
Name of publisher, distributor, etc. Addison-Wesley Publishing
Date of publication, distribution, etc. 1967
300 ## - PHYSICAL DESCRIPTION
Extent ix, 342p.
Dimensions 24 cm.
504 ## - BIBLIOGRAPHY, ETC. NOTE
Bibliography, etc Includes bibliographies
650 #0 - SUBJECT ADDED ENTRY--TOPICAL TERM
Topical term or geographic name as entry element Transport theory
700 ## - ADDED ENTRY--PERSONAL NAME
Personal name Zweifel, Paul F.
942 ## - ADDED ENTRY ELEMENTS (KOHA)
Koha item type General Book
Holdings
Not for loan Source of classification or shelving scheme Sublocation or collection (holding branch) Copy number Damaged status Price effective from Location (home branch) Shelving location Piece designation (barcode) Withdrawn status Date acquired Lost status Koha item type Koha date last seen Koha full call number Koha normalized classification for sorting
  Central Library, BUET1 2015-04-13Central Library, BUETCirculation section17728 2015-04-13 General Book2015-04-13621.48/CAS/1967621_480000000000000_CAS_1967
  Central Library, BUET2 2015-04-13Central Library, BUETCirculation section17729 2015-04-13 General Book2015-04-13621.48/CAS/1967621_480000000000000_CAS_1967